| 000 | 00528nam a22001577a 4500 | ||
|---|---|---|---|
| 003 | macl | ||
| 005 | 20190524115427.0 | ||
| 008 | 190523b xxu||||| |||| 00| 0 eng d | ||
| 040 | _cmacl | ||
| 082 | _a891.433/GOY/S | ||
| 100 |
_aगाेयन ,कमल किशोर _974926 |
||
| 245 | _aनया मानसरोवर खंड -7(1931-1933) | ||
| 260 |
_aदिल्ली _bसस्ता साहित्य मण्डल _c2017 |
||
| 650 |
_aकहानियॉ _974927 |
||
| 942 |
_2ddc _cHIN |
||
| 999 |
_c59823 _d59823 |
||